000 00465nam a2200181Ia 4500
008 230725s1993 xx 000 0 und d
041 _aeng
082 _a615.19
_bSET
100 _aP.D.SETHI
245 _aQUANTITATIVE ANALYSIS OF DRUG IN PHARMACEUTICAL FORMULATION
260 _aDELHI
_bC.B.S. PUBLISHERS & DISTRUTORS
_c1993
300 _a540
365 _h15%
500 _aTEXT BOOK
501 _aPA
520 _aPB
650 _aPHARMACEUTICAL ANALYSIS
999 _c767178
_d767178